[Event "Wroclaw Anderssen Memorial op-A"]
[Site "Wroclaw"]
[Date "2023.08.06"]
[Round "2"]
[White "Demski, Michal"]
[Black "Bernabe Duran, Francisco"]
[Result "1/2-1/2"]
[WhiteElo "2097"]
[BlackElo "2176"]
[PlyCount "49"]
[EventDate "2023.08.06"]
[EventType "swiss"]
[EventRounds "9"]
[EventCountry "POL"]
[SourceTitle "CBM 215 Extra"]
[Source "ChessBase"]
[SourceDate "2023.09.30"]
[SourceVersion "1"]
[SourceVersionDate "2023.09.30"]
[SourceQuality "1"]

1. c4 g6 2. Nc3 Bg7 3. g3 e5 4. Bg2 Nf6 5. e3 0-0 6. Nge2 Nc6 7. 0-0 d6 8. d3 Be6 9. Nd5 Qd7 10. Nec3 Ne8 11. Rb1 Nd8 12. Qa4 Qxa4 13. Nxa4 c6 14. Nb4 f5 15. b3 Rc8 16. Rd1 b5 17. Nb2 a5 18. Nc2 d5 19. Bd2 Nb7 20. d4 e4 21. Bf1 Ned6 22. c5 Nf7 23. a4 b4 24. Ne1 g5 25. Ng2 1/2-1/2

[Event "Malaga op 16th"]
[Site "Malaga"]
[Date "2022.10.29"]
[Round "4"]
[White "Bernabe Duran, Francisco"]
[Black "Sumets, Andrey"]
[Result "0-1"]
[WhiteElo "2187"]
[BlackElo "2493"]
[PlyCount "112"]
[EventDate "2022.10.27"]
[EventType "swiss"]
[EventRounds "9"]
[EventCountry "ESP"]
[SourceTitle "EXT 2024"]
[Source "ChessBase"]
[SourceDate "2023.10.10"]
[SourceVersion "1"]
[SourceVersionDate "2023.10.10"]
[SourceQuality "1"]

1. e4 c5 2. Nf3 e6 3. d4 cxd4 4. Nxd4 a6 5. Bd3 Nf6 6. 0-0 e5 7. Bg5 h6 8. Bxf6 Qxf6 9. Nf5 g6 10. Ne3 Bc5 11. Nc3 d6 12. Ncd5 Qd8 13. Qd2 Nc6 14. c3 Kf8 15. Bc2 Kg7 16. Kh1 Be6 17. Rad1 Qg5 18. Bb3 Rad8 19. Nc7 Bxb3 20. axb3 Rd7 21. Ncd5 Rf8 22. b4 Bxe3 23. Qxe3 Qxe3 24. Nxe3 Kf6 25. Rd3 Ke6 26. Kg1 Ne7 27. Rfd1 Rc8 28. Kf1 f5 29. f3 fxe4 30. fxe4 Rf8+ 31. Ke2 Nc8 32. Nd5 Rdf7 33. Rf3 Rxf3 34. gxf3 Ne7 35. Rg1 Nxd5 36. exd5+ Kf5 37. Rg4 Rc8 38. Ke3 h5 39. Re4 g5 40. h3 b5 41. Kf2 Rc4 42. Re1 Rf4 43. Kg2 e4 44. fxe4+ Rxe4 45. Ra1 Re2+ 46. Kg3 Rxb2 47. Rxa6 h4+ 48. Kf3 Rh2 49. Rxd6 Rxh3+ 50. Kf2 Rxc3 51. Rb6 Rc2+ 52. Ke3 h3 53. d6 Ke6 54. Rxb5 h2 55. d7 h1Q 56. d8N+ Kd7 0-1

[Event "Malaga op 16th"]
[Site "Malaga"]
[Date "2022.10.27"]
[Round "1"]
[White "Molina Mataran, Manuel"]
[Black "Bernabe Duran, Francisco"]
[Result "0-1"]
[WhiteElo "1658"]
[BlackElo "2187"]
[PlyCount "114"]
[EventDate "2022.10.27"]
[EventType "swiss"]
[EventRounds "9"]
[EventCountry "ESP"]
[SourceTitle "EXT 2024"]
[Source "ChessBase"]
[SourceDate "2023.10.10"]
[SourceVersion "1"]
[SourceVersionDate "2023.10.10"]
[SourceQuality "1"]

1. e4 c5 2. Nf3 d6 3. d4 cxd4 4. Nxd4 Nf6 5. Nc3 a6 6. Bg5 e6 7. f4 Be7 8. Qf3 h6 9. Bxf6 Bxf6 10. 0-0-0 Qc7 11. g4 Nc6 12. Nxc6 Qxc6 13. Bg2 Bxc3 14. Qxc3 Qxc3 15. bxc3 e5 16. f5 Ke7 17. h4 Bd7 18. Rh3 Bc6 19. Rhd3 Rhd8 20. g5 Bb5 21. f6+ gxf6 22. gxf6+ Kxf6 23. Rxd6+ Rxd6 24. Rxd6+ Kg7 25. Bh3 Re8 26. Kb2 Re7 27. Bf5 Bc4 28. a3 Be6 29. Kc1 Bxf5 30. exf5 Rc7 31. h5 f6 32. Kd2 Kf7 33. Kd3 Ke7 34. Re6+ Kf7 35. Rd6 Kg7 36. Kd2 Kf7 37. Kd3 Ke7 38. Re6+ Kf7 39. Rd6 a5 40. Kd2 a4 41. Kd3 Ke7 42. Re6+ Kf7 43. Rd6 b5 44. Kd2 e4 45. Rb6 Rc5 46. Rb7+ Kf8 47. Rb8+ Ke7 48. Rb7+ Kd6 49. Rh7 Rxf5 50. Rxh6 Ke5 51. Rh8 Rf2+ 52. Kd1 Rh2 53. Rb8 Kf4 54. Rxb5 f5 55. Rb4 Ke3 56. Kc1 f4 57. Rxa4 f3 0-1

[Event "Malaga-ch"]
[Site "Malaga"]
[Date "2012.01.29"]
[Round "7"]
[White "Bernabe Duran, Francisco"]
[Black "Gutierrez Lopez, Carlos"]
[Result "1-0"]
[WhiteElo "2255"]
[BlackElo "2128"]
[PlyCount "81"]
[EventDate "2012.01.14"]
[EventType "swiss"]
[EventRounds "9"]
[EventCountry "ESP"]
[SourceTitle "CBM 146 Extra"]
[Source "ChessBase"]
[SourceDate "2012.02.29"]
[SourceVersion "1"]
[SourceVersionDate "2012.02.29"]
[SourceQuality "1"]

1. e4 c5 2. Nc3 Nc6 3. f4 g6 4. Nf3 Bg7 5. Bc4 e6 6. f5 Nge7 7. fxe6 dxe6 8. d3 0-0 9. 0-0 Nd4 10. Nxd4 Qxd4+ 11. Kh1 a6 12. Qe1 Nc6 13. Be3 Qd6 14. Qf2 Nd4 15. a3 b6 16. Rab1 Qd7 17. b4 cxb4 18. axb4 b5 19. Bd5 Nc6 20. Bxc6 Qxc6 21. Bc5 f5 22. Bxf8 Bxf8 23. exf5 exf5 24. Qf3 Qxf3 25. gxf3 Bb7 26. Ne2 Bd6 27. c4 bxc4 28. dxc4 Re8 29. Rb2 Re3 30. Kg2 Be5 31. Rd2 Bc6 32. Nd4 Bxd4 33. Rxd4 Rc3 34. c5 Kg7 35. Rd6 Bb5 36. Rf2 Rc4 37. Rb2 Kf7 38. Kf2 f4 39. h4 Kg7 40. Re6 a5 41. Re4 1-0

[Event "ESP-ch Once 17th"]
[Site "Oviedo"]
[Date "2000.??.??"]
[Round "3"]
[White "Burdio Gracia, Delfin"]
[Black "Bernabe Duran, Francisco"]
[Result "1/2-1/2"]
[WhiteElo "2082"]
[BlackElo "2234"]
[PlyCount "26"]
[EventDate "2000.11.19"]
[EventType "swiss"]
[EventRounds "8"]
[EventCountry "ESP"]
[SourceTitle "CBM 079 Extra"]
[Source "ChessBase"]
[SourceDate "2001.01.11"]
[SourceVersion "2"]
[SourceVersionDate "2001.01.25"]
[SourceQuality "1"]

1. d4 Nf6 2. Nf3 g6 3. Bf4 d6 4. Nbd2 Bg7 5. c3 0-0 6. e4 Nbd7 7. Bc4 c5 8. 0-0 Qb6 9. Bb3 cxd4 10. cxd4 h6 11. Nc4 Qd8 12. Re1 b5 13. Ne3 Nh5 1/2-1/2

[Event "ESP-ch Once 17th"]
[Site "Oviedo"]
[Date "2000.??.??"]
[Round "6"]
[White "Garcia Cervigon, Cecilio"]
[Black "Bernabe Duran, Francisco"]
[Result "0-1"]
[WhiteElo "2084"]
[BlackElo "2234"]
[PlyCount "70"]
[EventDate "2000.11.19"]
[EventType "swiss"]
[EventRounds "8"]
[EventCountry "ESP"]
[SourceTitle "CBM 079 Extra"]
[Source "ChessBase"]
[SourceDate "2001.01.11"]
[SourceVersion "2"]
[SourceVersionDate "2001.01.25"]
[SourceQuality "1"]

1. d4 Nf6 2. c4 e6 3. Nc3 d5 4. Bg5 Nbd7 5. e3 c6 6. Nf3 Qa5 7. cxd5 exd5 8. Nd2 Bb4 9. Qc2 0-0 10. Bd3 Ne4 11. Bxe4 dxe4 12. Bh4 Nb6 13. 0-0 Bxc3 14. bxc3 Qh5 15. Qxe4 Bf5 16. Qf3 Bg4 17. Qg3 Nd5 18. f3 Be6 19. Ne4 f5 20. Qg5 Qxg5 21. Nxg5 Bd7 22. e4 Nxc3 23. Rfe1 h6 24. Nh3 g5 25. Bg3 fxe4 26. fxe4 Bg4 27. Bd6 Rfd8 28. e5 Ne2+ 29. Kf2 Nxd4 30. Re4 Bxh3 31. Rxd4 Be6 32. Rb1 b6 33. Rd2 Rd7 34. Ke3 Re8 35. Rf2 Rxd6 0-1

[Event "Las Palmas op"]
[Site "Las Palmas"]
[Date "1999.12.02"]
[Round "2"]
[White "Sarmiento Alfonso, Braulio Alfonso"]
[Black "Bernabe Duran, Francisco"]
[Result "1-0"]
[WhiteElo "2383"]
[BlackElo "2205"]
[PlyCount "107"]
[EventDate "1999.12.01"]
[EventType "swiss"]
[EventRounds "9"]
[EventCountry "ESP"]
[SourceTitle "CBM 073 Extra"]
[Source "ChessBase"]
[SourceDate "2000.01.11"]
[SourceVersion "1"]
[SourceVersionDate "2000.01.11"]
[SourceQuality "1"]

1. Nf3 Nf6 2. c4 g6 3. Nc3 Bg7 4. g3 0-0 5. Bg2 d6 6. 0-0 c6 7. Rb1 Bf5 8. d3 Qc8 9. Re1 e5 10. b4 e4 11. Nh4 Bh3 12. Nxe4 Bxg2 13. Nxf6+ Bxf6 14. Nxg2 Nd7 15. d4 Nb6 16. c5 Nc4 17. Qd3 d5 18. e4 Re8 19. e5 Bg7 20. a4 f6 21. f4 a6 22. Rf1 b5 23. a5 Ra7 24. Rb3 Rf7 25. Qb1 Ref8 26. Re1 fxe5 27. dxe5 Qg4 28. Qc2 Rf5 29. Qd1 Qxd1 30. Rxd1 Re8 31. Nh4 Rf7 32. Nf3 Rc7 33. Rc3 h6 34. h4 Rce7 35. Rc2 Rc8 36. Re2 Rce8 37. Rde1 Rc8 38. Nd4 Rf7 39. Kg2 Rfc7 40. Kf3 Kh7 41. Kg4 Bh8 42. Bb2 Nxb2 43. Rxb2 Bg7 44. h5 g5 45. Rbe2 gxf4 46. gxf4 Bh8 47. Kf3 Rg8 48. Rg2 Rgc8 49. Rg6 Bg7 50. f5 Rf8 51. Kf4 Rfc8 52. Reg1 Bh8 53. f6 Rf7 54. Nf5 1-0

[Event "Social Miraflores X"]
[Site "Spain"]
[Date "1998.??.??"]
[Round "?"]
[White "Rubio Doblas, Ricardo"]
[Black "Bernabe Duran, Francisco"]
[Result "0-1"]
[WhiteElo "2175"]
[BlackElo "2195"]
[PlyCount "42"]
[EventDate "1998.??.??"]
[EventType "tourn"]
[EventRounds "14"]
[EventCountry "ESP"]
[SourceTitle "EXT 2006"]
[Source "ChessBase"]
[SourceDate "2005.11.24"]
[SourceVersion "1"]
[SourceVersionDate "2005.11.24"]
[SourceQuality "1"]

1. e4 e5 2. Nf3 Nc6 3. Bc4 Nf6 4. Ng5 d5 5. exd5 Na5 6. Bb5+ c6 7. dxc6 bxc6 8. Be2 h6 9. Nh3 Bd6 10. d3 0-0 11. Nc3 Nd5 12. Ne4 Be7 13. 0-0 f5 14. Nc3 g5 15. Kh1 Rb8 16. g4 Rb4 17. Rg1 fxg4 18. Bxg4 Nxc3 19. bxc3 Qd5+ 20. Bf3 Rxf3 21. c4 Nxc4 0-1

[Event "Malaga-ch"]
[Site "Malaga"]
[Date "1997.??.??"]
[Round "4"]
[White "Bernabe Duran, Francisco"]
[Black "Fernandez Romero, Ernesto"]
[Result "1-0"]
[WhiteElo "2235"]
[BlackElo "2080"]
[PlyCount "77"]
[EventDate "1997.??.??"]
[EventType "swiss"]
[EventRounds "9"]
[EventCountry "ESP"]
[SourceTitle "EXT 2003"]
[Source "ChessBase"]
[SourceDate "2002.11.25"]
[SourceVersion "1"]
[SourceVersionDate "2002.11.25"]
[SourceQuality "1"]

1. d4 Nf6 2. c4 g6 3. Nc3 Bg7 4. e4 d6 5. Nf3 0-0 6. Be2 e5 7. 0-0 Nc6 8. d5 Ne7 9. Nd2 a5 10. a3 Bd7 11. b3 Ne8 12. Rb1 f5 13. b4 axb4 14. axb4 Nf6 15. Qc2 f4 16. c5 g5 17. Nc4 Ne8 18. f3 h5 19. Ba3 Rf6 20. b5 b6 21. cxb6 cxb6 22. Ra1 Nc8 23. Bb4 Rxa1 24. Rxa1 Nc7 25. Na5 Qe8 26. Nc6 Bf8 27. Qd3 Be7 28. Qc4 Bd8 29. Nb8 Rg6 30. Nxd7 Qxd7 31. Qc6 Rg7 32. Na4 Qxc6 33. bxc6 Kf7 34. Nc3 Ke7 35. Ba6 Nxa6 36. Rxa6 b5 37. Nxb5 Bb6+ 38. Kf1 g4 39. Nxd6 1-0

[Event "Murcia op"]
[Site "Murcia"]
[Date "1997.??.??"]
[Round "7"]
[White "Bernabe Duran, Francisco"]
[Black "Garbisu de Goni, Unai"]
[Result "0-1"]
[WhiteElo "2210"]
[BlackElo "2380"]
[PlyCount "53"]
[EventDate "1997.??.??"]
[EventType "swiss"]
[EventRounds "9"]
[EventCountry "ESP"]
[SourceTitle "EXT 2000"]
[Source "ChessBase"]
[SourceDate "1999.11.16"]
[SourceVersion "1"]
[SourceVersionDate "1999.11.16"]
[SourceQuality "1"]

1. e4 e5 2. f4 Bc5 3. Nf3 d6 4. Nc3 Nf6 5. Bc4 c6 6. d3 0-0 7. Qe2 exf4 8. Bxf4 d5 9. Bb3 dxe4 10. dxe4 Bg4 11. Bd2 Nbd7 12. 0-0-0 Qc7 13. h3 Bxf3 14. Qxf3 Rae8 15. g4 Bd4 16. Rhe1 Nc5 17. Bc4 Bxc3 18. Bxc3 Ncxe4 19. Bd4 c5 20. Be3 Nd6 21. Bf1 Re6 22. g5 Nfe4 23. Bf4 Qe7 24. Re2 Rd8 25. Rde1 Nxg5 26. Qa3 b6 27. Bg2 0-1

[Event "Murcia op"]
[Site "Murcia"]
[Date "1997.??.??"]
[Round "8"]
[White "Bernabe Duran, Francisco"]
[Black "Perez Fungueiro, Manuel Antonio"]
[Result "1-0"]
[WhiteElo "2210"]
[BlackElo "2280"]
[PlyCount "108"]
[EventDate "1997.??.??"]
[EventType "swiss"]
[EventRounds "9"]
[EventCountry "ESP"]
[SourceTitle "EXT 2000"]
[Source "ChessBase"]
[SourceDate "1999.11.16"]
[SourceVersion "1"]
[SourceVersionDate "1999.11.16"]
[SourceQuality "1"]

1. e4 c5 2. Nf3 e6 3. d4 cxd4 4. Nxd4 a6 5. Bd3 Bc5 6. Nb3 Ba7 7. Qe2 Ne7 8. Be3 d6 9. f4 e5 10. f5 Nd7 11. 0-0 Bxe3+ 12. Qxe3 Qb6 13. Qxb6 Nxb6 14. N1d2 d5 15. Nc5 Nd7 16. Nxd7 Bxd7 17. f6 gxf6 18. Rxf6 Be6 19. Re1 0-0-0 20. Rf2 Nc6 21. exd5 Bxd5 22. Nc4 e4 23. Nb6+ Kb8 24. Bxe4 Bxe4 25. Rxe4 Rd1+ 26. Rf1 Rd2 27. h3 Rxc2 28. Rf2 Rxf2 29. Kxf2 Rd8 30. Ke3 Kc7 31. Nc4 Rd1 32. Rf4 Nd8 33. Rf2 Re1+ 34. Kf4 b5 35. Nd2 Ra1 36. a3 Rd1 37. Kg5 Kd7 38. Kh6 Ke7 39. Kxh7 Ne6 40. Kg8 f6 41. Ne4 Rd8+ 42. Kh7 Rf8 43. Re2 Kf7 44. h4 Rg8 45. Nd6+ Kf8 46. Rxe6 Rxg2 47. Nf5 Rxb2 48. Rxf6+ Ke8 49. h5 Rb3 50. Rxa6 Rf3 51. Kg6 Rf4 52. h6 Rg4+ 53. Kf6 b4 54. h7 bxa3 1-0

[Event "Benasque op 17th"]
[Site "Benasque"]
[Date "1997.??.??"]
[Round "3"]
[White "Bernabe Duran, Francisco"]
[Black "Pogorelov, Ruslan"]
[Result "1/2-1/2"]
[WhiteElo "2210"]
[BlackElo "2465"]
[PlyCount "140"]
[EventDate "1997.07.??"]
[EventType "swiss"]
[EventRounds "9"]
[EventCountry "ESP"]
[SourceTitle "EXT 1998"]
[Source "ChessBase"]
[SourceDate "1997.11.17"]
[SourceVersion "1"]
[SourceVersionDate "1997.11.17"]
[SourceQuality "1"]

1. e4 c5 2. Nc3 Nc6 3. f4 d6 4. Nf3 g6 5. Bc4 Bg7 6. 0-0 Nf6 7. d3 0-0 8. Qe1 e6 9. f5 d5 10. Bb3 c4 11. dxc4 dxe4 12. Nxe4 Nxe4 13. Qxe4 exf5 14. Qd5 Be6 15. Qxd8 Rfxd8 16. Ng5 Nd4 17. Kf2 Rac8 18. c3 h6 19. Nxe6 Nxe6 20. Be3 f4 21. Bxa7 Rd2+ 22. Kg1 Rxb2 23. Rad1 Bxc3 24. Rd7 Ra8 25. Bb6 Ra6 26. c5 Bd4+ 27. Kh1 Raxa2 28. Bxa2 Rxa2 29. Rxb7 Bxc5 30. Bxc5 Nxc5 31. Rb6 h5 32. Kg1 Ne6 33. Rfb1 Re2 34. R6b2 Re3 35. Rb3 Re2 36. R3b2 Re4 37. Rb4 Re3 38. R4b3 Re5 39. Rb5 Re4 40. R5b4 Rxb4 41. Rxb4 Kg7 42. Kf2 g5 43. Rb6 Nd4 44. Ra6 f6 45. Ra4 Nf5 46. Ra5 Kg6 47. Kf3 Nh4+ 48. Kf2 g4 49. Ra8 Kg5 50. Rg8+ Ng6 51. Rg7 h4 52. Rg8 Kf5 53. Rg7 g3+ 54. Kg1 Ne5 55. Rh7 Ng4 56. Rh5+ Ke4 57. h3 Ne3 58. Rxh4 f5 59. Kh1 Ke5 60. Kg1 Ke4 61. Kh1 Nc2 62. Kg1 Nd4 63. Kf1 Ke3 64. Rh8 f3 65. gxf3 Kxf3 66. Rg8 Ne2 67. Rg5 Nf4 68. Rxf5 g2+ 69. Kg1 Kg3 70. Rxf4 Kxf4 1/2-1/2

[Event "Malaga-ch"]
[Site "Malaga"]
[Date "1997.??.??"]
[Round "7"]
[White "Tapia Lorente, Antonio Miguel"]
[Black "Bernabe Duran, Francisco"]
[Result "1-0"]
[WhiteElo "2000"]
[BlackElo "2235"]
[PlyCount "115"]
[EventDate "1997.??.??"]
[EventType "swiss"]
[EventRounds "9"]
[EventCountry "ESP"]
[SourceTitle "EXT 2003"]
[Source "ChessBase"]
[SourceDate "2002.11.25"]
[SourceVersion "1"]
[SourceVersionDate "2002.11.25"]
[SourceQuality "1"]

1. e4 e5 2. Nf3 Nc6 3. Bb5 a6 4. Ba4 Nf6 5. 0-0 Be7 6. Re1 b5 7. Bb3 d6 8. c3 0-0 9. h3 Bb7 10. d4 Na5 11. Bc2 c5 12. d5 Bc8 13. Nbd2 g6 14. Nf1 Ne8 15. Bh6 Ng7 16. g4 Qc7 17. Ng3 Nb7 18. a4 Bd7 19. axb5 axb5 20. b3 Ra5 21. Qc1 Rfa8 22. Qb2 Nd8 23. Reb1 f6 24. Kg2 Nf7 25. Bd2 Qa7 26. Rxa5 Qxa5 27. b4 Qa3 28. Bc1 Qxb2 29. Bxb2 Ra2 30. Bb3 Ra7 31. Ra1 Rxa1 32. Bxa1 f5 33. gxf5 gxf5 34. bxc5 dxc5 35. c4 bxc4 36. Bxc4 Bd6 37. Nd2 f4 38. Ne2 Ng5 39. Ng1 Nh5 40. h4 Nf7 41. Ngf3 Kf8 42. Bd3 Bg4 43. Nc4 Bxf3+ 44. Kxf3 Ke7 45. Nxd6 Kxd6 46. Kg4 Ng7 47. Bc3 h5+ 48. Kh3 Ne8 49. Ba6 Nc7 50. Be2 Nh6 51. Bxh5 Nb5 52. Ba5 Nd4 53. Bd1 c4 54. Bb4+ Kc7 55. Ba4 Kd8 56. h5 Nf7 57. Kg4 f3 58. Bd1 1-0